Top 100 Boys' Names England & Wales 2018 - Statistics

General Stats
  • This quiz has been taken 650 times
  • The average score is 45 of 100
Answer Stats
# First Letter Name % Correct
3 H Harry
94%
1 O Oliver
93%
2 G George
89%
21 J James
89%
5 J Jack
85%
12 T Thomas
84%
14 W William
83%
13 H Henry
82%
37 D Daniel
78%
82 M Matthew
73%
49 D David
71%
74 M Michael
71%
38 A Adam
69%
85 L Liam
69%
4 N Noah
69%
6 L Leo
68%
9 O Oscar
68%
91 A Alex
67%
10 C Charlie
67%
11 J Jacob
67%
94 L Luke
66%
24 E Edward
65%
33 S Samuel
65%
17 J Joshua
64%
35 B Benjamin
62%
25 E Ethan
62%
81 C Charles
61%
27 J Joseph
61%
71 M Mohammad
59%
7 A Arthur
58%
48 L Louie
58%
8 M Muhammad
58%
69 L Louis
57%
51 L Luca
57%
18 F Freddie
55%
20 I Isaac
55%
22 A Alexander
54%
67 J Jake
54%
16 A Archie
53%
19 T Theo
52%
54 Z Zachary
52%
15 A Alfie
51%
26 L Lucas
51%
32 M Mohammed
51%
92 R Ryan
48%
97 L Leon
47%
31 M Max
47%
80 J Jackson
46%
46 J Jaxon
46%
40 M Mason
46%
41 E Elijah
44%
55 A Albert
43%
43 D Dylan
39%
30 F Finley
38%
63 F Frankie
38%
28 S Sebastian
38%
50 T Tommy
38%
65 F Frederick
37%
23 L Logan
37%
29 T Theodore
36%
76 F Finn
35%
34 H Harrison
35%
77 J Jayden
35%
68 E Elliot
34%
86 E Elliott
32%
96 O Ollie
32%
57 T Toby
31%
93 F Felix
30%
79 C Caleb
29%
53 H Hugo
29%
56 J Jude
29%
61 G Gabriel
28%
78 H Harvey
28%
58 R Riley
27%
73 B Bobby
26%
42 R Reuben
26%
47 R Rory
26%
45 R Reggie
24%
66 R Ronnie
24%
39 T Teddy
24%
52 A Albie
23%
44 H Hunter
22%
75 J Jesse
22%
64 H Harley
21%
72 S Stanley
21%
36 A Arlo
20%
100 D Dominic
20%
62 R Roman
20%
90 R Rowan
20%
60 C Carter
19%
87 E Ellis
18%
59 E Ezra
18%
98 T Tobias
18%
89 J Jasper
17%
88 R Ralph
17%
83 G Grayson
16%
70 J Jenson
16%
84 B Blake
14%
95 D Dexter
12%
99 S Sonny
10%
No matching quizzes found
Score Distribution
Percent of People with Each Score
Percentile by Number Answered
Your Score History
You have not taken this quiz